[Event "49th Rilton Cup 2019-20"]
[Site "Stockholm"]
[Date "2019.12.27"]
[Round "1.1"]
[White "Kollars, Dmitrij"]
[Black "Abdrlauf, Elham"]
[Result "1-0"]
[WhiteElo "2584"]
[BlackElo "2328"]
[Annotator "ChessBase"]
[PlyCount "82"]
[EventDate "2019.12.27"]
[EventType "swiss"]
[EventCountry "SWE"]
[SourceTitle "playchess.com"]
[Source "ChessBase"]
[SourceQuality "1"]
[TimeControl "30/5400+30:1800+30"]

1. e4 {[%emt 0:00:00]} e6 {[%emt 0:00:00]} 2. d4 {[%emt 0:00:00]} d5 {[%emt 0:00:00]} 3. Nd2 {[%emt 0:00:15]} dxe4 {[%emt 0:00:11]} 4. Nxe4 {[%emt 0:00:06]} Nd7 {[%emt 0:00:06]} 5. Nf3 {[%emt 0:00:49]} Ngf6 {[%emt 0:00:02]} 6. Nxf6+ {[%emt 0:02:12]} Nxf6 {[%emt 0:00:36]} 7. g3 {[%emt 0:00:11]} b6 {[%emt 0:11:18]} 8. Bb5+ {[%emt 0:00:39]} Bd7 {[%emt 0:00:07]} 9. a4 {[%emt 0:00:29]} a6 {[%emt 0:02:15]} 10. Be2 {[%emt 0:01:22]} Bc6 {[%emt 0:02:34]} 11. O-O {[%emt 0:00:19]} Be7 {[%emt 0:09:45]} 12. a5 {[%emt 0:05:36]} b5 {[%emt 0:01:11]} 13. Ne5 {[%emt 0:00:14]} Bb7 {[%emt 0:00:21]} 14. c4 {[%emt 0:01:32]} O-O {[%emt 0:14:38]} 15. cxb5 {[%emt 0:24:53]} axb5 {[%emt 0:00:17]} 16. Bf3 {[%emt 0:08:27]} Bxf3 {[%emt 0:11:16]} 17. Qxf3 {[%emt 0:00:18]} Qxd4 {[%emt 0:01:37]} 18. Nc6 {[%emt 0:00:48]} Qd7 {[%emt 0:00:02]} 19. Bg5 {[%emt 0:02:41]} Nd5 {[%emt 0:03:40]} 20. Bxe7 {[%emt 0:01:59]} Nxe7 {[%emt 0:02:10]} 21. Rfc1 {[%emt 0:00:12]} Nxc6 {[%emt 0:05:31]} 22. Qxc6 {[%emt 0:01:34]} Qxc6 {[%emt 0:05:37]} 23. Rxc6 {[%emt 0:00:05]} Rfc8 {[%emt 0:08:14]} 24. b4 {[%emt 0:01:49]} Kf8 {[%emt 0:04:25]} 25. Rac1 {[%emt 0:01:08]} Ra7 {[%emt 0:00:10]} 26. R1c5 {[%emt 0:01:55]} Ke7 {[%emt 0:01:24]} 27. Rxb5 {[%emt 0:00:33]} Kd7 {[%emt 0:00:03]} 28. Rc4 {[%emt 0:01:35]} c6 {[%emt 0:05:25]} 29. Rh5 {[%emt 0:05:07]} h6 {[%emt 0:00:08]} 30. Rg4 {[%emt 0:04:15]} g6 {[%emt 0:00:02]} 31. Rxh6 {[%emt 0:32:39]} c5 {[%emt 0:30:19]} 32. Rh7 {[%emt 0:02:44]} Kd6 {[%emt 0:00:36]} 33. bxc5+ {[%emt 0:02:57]} Rxc5 {[%emt 0:00:28]} 34. Rxg6 {[%emt 0:00:16]} Rcxa5 {[%emt 0:00:11]} 35. Rf6 {[%emt 0:11:42]} Rf5 {[%emt 0:00:15]} 36. Rxf5 {[%emt 0:00:10]} exf5 {[%emt 0:00:02]} 37. Kg2 {[%emt 0:00:34]} Ke5 {[%emt 0:00:38]} 38. Rg7 {[%emt 0:02:51]} f4 {[%emt 0:03:16]} 39. g4 {[%emt 0:02:00]} Ke4 {[%emt 0:00:03]} 40. Rg8 {[%emt 0:01:08]} Re7 {[%emt 0:01:47]} 41. h4 {[%emt 0:01:04]} Kd5 1-0

[Event "49th Rilton Cup 2019-20"]
[Site "Stockholm"]
[Date "2019.12.27"]
[Round "1.2"]
[White "Furhoff, Johan"]
[Black "Volkov, Sergey"]
[Result "1/2-1/2"]
[WhiteElo "2327"]
[BlackElo "2578"]
[Annotator "ChessBase"]
[PlyCount "91"]
[EventDate "2019.12.27"]
[EventType "swiss"]
[EventCountry "SWE"]
[SourceTitle "playchess.com"]
[Source "ChessBase"]
[SourceQuality "1"]
[TimeControl "30/5400+30:1800+30"]

1. e4 {[%emt 0:00:00]} e6 {[%emt 0:00:00]} 2. d4 {[%emt 0:00:00]} d5 {[%emt 0:00:00]} 3. Nd2 {[%emt 0:00:00]} Nf6 {[%emt 0:00:05]} 4. e5 {[%emt 0:00:00]} Nfd7 {[%emt 0:00:06]} 5. c3 {[%emt 0:00:09]} c5 {[%emt 0:00:13]} 6. f4 {[%emt 0:00:06]} Nc6 {[%emt 0:00:17]} 7. Ndf3 {[%emt 0:00:13]} Qb6 {[%emt 0:00:13]} 8. Ne2 {[%emt 0:00:28]} a5 {[%emt 0:01:37]} 9. g3 {[%emt 0:05:41]} a4 {[%emt 0:00:51]} 10. Bh3 {[%emt 0:04:35]} a3 {[%emt 0:01:32]} 11. b3 {[%emt 0:04:08]} cxd4 {[%emt 0:00:42]} 12. Nexd4 {[%emt 0:00:34]} Nxd4 {[%emt 0:01:59]} 13. Nxd4 {[%emt 0:06:36]} Nb8 {[%emt 0:03:28]} 14. Be3 {[%emt 0:05:22]} Nc6 {[%emt 0:01:55]} 15. O-O {[%emt 0:22:44]} Bc5 {[%emt 0:04:00]} 16. Qd2 {[%emt 0:00:44]} O-O {[%emt 0:02:06]} 17. b4 {[%emt 0:02:48]} Bxd4 {[%emt 0:00:52]} 18. Bxd4 {[%emt 0:00:26]} Nxd4 {[%emt 0:00:08]} 19. cxd4 {[%emt 0:00:06]} Bd7 {[%emt 0:02:19]} 20. Rfc1 {[%emt 0:04:00]} Rfc8 {[%emt 0:02:37]} 21. Rc5 {[%emt 0:00:52]} Bb5 {[%emt 0:13:15]} 22. f5 {[%emt 0:07:13]} exf5 {[%emt 0:00:31]} 23. Bxf5 {[%emt 0:00:26]} Rxc5 {[%emt 0:03:11]} 24. dxc5 {[%emt 0:00:19]} Qc6 {[%emt 0:08:59]} 25. Re1 {[%emt 0:03:02]} Re8 {[%emt 0:02:49]} 26. Qc3 {[%emt 0:04:11]} Qa6 {[%emt 0:03:15]} 27. Re3 {[%emt 0:07:12]} g6 {[%emt 0:01:36]} 28. Bg4 {[%emt 0:00:32]} h5 {[%emt 0:03:27]} 29. Bh3 {[%emt 0:02:24]} Qa4 {[%emt 0:07:36]} 30. e6 {[%emt 0:07:13]} Qd1+ {[%emt 0:01:14]} 31. Re1 {[%emt 0:30:10]} d4 {[%emt 0:30:14]} 32. Rxd1 {[%emt 0:00:12]} dxc3 {[%emt 0:00:16]} 33. Rc1 {[%emt 0:00:10]} Rd8 {[%emt 0:03:27]} 34. e7 {[%emt 0:00:49]} Re8 {[%emt 0:01:47]} 35. Bf1 {[%emt 0:03:44]} Bxf1 {[%emt 0:04:59]} 36. Kxf1 {[%emt 0:00:06]} Rxe7 {[%emt 0:00:03]} 37. Rxc3 {[%emt 0:00:12]} Re4 {[%emt 0:00:05]} 38. b5 {[%emt 0:01:12]} Ra4 {[%emt 0:00:20]} 39. Ke2 {[%emt 0:01:29]} Kf8 {[%emt 0:00:52]} 40. c6 {[%emt 0:02:02]} bxc6 {[%emt 0:00:12]} 41. bxc6 {[%emt 0:00:06]} Ra8 {[%emt 0:00:26]} 42. Kd3 {[%emt 0:00:46]} Ke7 {[%emt 0:00:14]} 43. Kc4 {[%emt 0:05:09]} Kd6 {[%emt 0:04:55]} 44. Kb5 {[%emt 0:00:25]} Rb8+ {[%emt 0:05:40]} 45. Ka4 {[%emt 0:01:07]} Kc7 {[%emt 0:01:06]} 46. Kxa3 {[%emt 0:02:18]} 1/2-1/2

[Event "49th Rilton Cup 2019-20"]
[Site "Stockholm"]
[Date "2019.12.27"]
[Round "1.3"]
[White "Thybo, Jesper Sondergaard"]
[Black "Zadruzny, Nicolaj"]
[Result "1-0"]
[WhiteElo "2576"]
[BlackElo "2308"]
[Annotator "TA"]
[PlyCount "51"]
[EventDate "2019.12.27"]
[EventType "swiss"]
[EventCountry "SWE"]
[SourceTitle "playchess.com"]
[Source "ChessBase"]
[SourceQuality "1"]

{[%evp 15,51,28,27,0,20,12,23,18,10,-8,100,93,85,94,99,79,114,88,95,76,91,76,91,73,66,73,67,69,83,77,118,97,129,124,364,372,462,470]} 1. d4 Nf6 2. c4 e6 3. Nf3 d5 4. g3 Be7 5. Bg2 O-O 6. O-O dxc4 7. Qc2 a6 8. a4 Bd7 9. Bg5 {E05: Open Catalan: 5 Nf3 Be7} (9. Qxc4 Bc6 10. Bf4 Bd6 11. Qc1 Nbd7 12. Re1 Qe7 13. Nc3 Bxf3 14. Bxf3 Bxf4 15. Qxf4 c6 16. a5 Rad8 17. Red1 e5 18. Qe3 {0-1 (76) Ding,L (2811)-Radjabov,T (2758) Khanty-Mansiysk 2019}) 9... Bc6 10. Rd1 $146 ({Predecessor:} 10. Bxf6 Bxf6 11. Rd1 {1-0 (28) Maletin,P (2543)-Zablotsky,S (2477) Tomsk 2006}) 10... b5 11. Bxf6 {White has an edge.} Bxf6 12. Nc3 Nd7 {[#]} (12... Qe8 $11 {keeps the balance.}) 13. Ng5 $1 $16 {[%mdl 576] Discovered Attack} Bxg5 14. Bxc6 Rb8 15. axb5 axb5 16. Nxb5 Nb6 17. e4 Qe7 18. Ra7 Nc8 19. Ra2 Nd6 20. Na7 Nc8 21. Nxc8 Rfxc8 22. Qxc4 Rb4 23. Qc3 g6 24. d5 {Black must now prevent d6!} Rxe4 $2 {[#]} (24... Rbb8 $16 {was worth a try.} 25. dxe6 Qxe6) 25. Bb7 $1 $18 {Hoping for d6.} Bf6 26. Qf3 {Accuracy: White = 72%, Black = 44%.} 1-0

[Event "49th Rilton Cup 2019-20"]
[Site "Stockholm"]
[Date "2019.12.27"]
[Round "1.4"]
[White "Estremera Panos, Sergio"]
[Black "Meshkovs, Nikita"]
[Result "0-1"]
[WhiteElo "2307"]
[BlackElo "2558"]
[Annotator "ChessBase"]
[PlyCount "96"]
[EventDate "2019.12.27"]
[EventType "swiss"]
[EventCountry "SWE"]
[SourceTitle "playchess.com"]
[Source "ChessBase"]
[SourceQuality "1"]
[TimeControl "30/5400+30:1800+30"]

1. d4 {[%emt 0:00:04]} Nf6 {[%emt 0:00:00]} 2. c4 {[%emt 0:00:14]} e6 {[%emt 0:00:09]} 3. Nc3 {[%emt 0:00:23]} Bb4 {[%emt 0:00:14]} 4. e3 {[%emt 0:00:28]} O-O {[%emt 0:00:10]} 5. Bd3 {[%emt 0:01:20]} c5 {[%emt 0:00:09]} 6. a3 {[%emt 0:03:06]} Bxc3+ {[%emt 0:00:09]} 7. bxc3 {[%emt 0:00:07]} Nc6 {[%emt 0:00:19]} 8. Ne2 {[%emt 0:00:31]} b6 {[%emt 0:01:20]} 9. O-O {[%emt 0:02:42]} Ba6 {[%emt 0:02:35]} 10. e4 {[%emt 0:03:46]} Ne8 {[%emt 0:03:14]} 11. f4 {[%emt 0:01:49]} f5 {[%emt 0:02:37]} 12. d5 {[%emt 0:02:58]} exd5 {[%emt 0:08:41]} 13. cxd5 {[%emt 0:03:29]} Bxd3 {[%emt 0:00:08]} 14. Qxd3 {[%emt 0:00:10]} fxe4 {[%emt 0:00:11]} 15. Qxe4 {[%emt 0:08:02]} Nd6 {[%emt 0:02:15]} 16. Qc2 {[%emt 0:22:53]} Na5 {[%emt 0:00:49]} 17. Ng3 {[%emt 0:09:24]} Qf6 {[%emt 0:13:44]} 18. f5 {[%emt 0:08:48]} Rae8 {[%emt 0:07:29]} 19. Bf4 {[%emt 0:01:28]} Nb5 {[%emt 0:06:35]} 20. Rac1 {[%emt 0:03:01]} Nxa3 {[%emt 0:01:24]} 21. Qa4 {[%emt 0:00:26]} N3c4 {[%emt 0:01:11]} 22. Qxd7 {[%emt 0:00:40]} Qf7 {[%emt 0:06:10]} 23. Qb5 {[%emt 0:05:47]} Qxd5 {[%emt 0:00:44]} 24. f6 {[%emt 0:01:10]} Qc6 {[%emt 0:01:24]} 25. Qxc6 {[%emt 0:00:10]} Nxc6 {[%emt 0:00:02]} 26. fxg7 {[%emt 0:00:10]} Kxg7 {[%emt 0:00:28]} 27. Nh5+ {[%emt 0:02:39]} Kg6 {[%emt 0:03:11]} 28. g4 {[%emt 0:01:11]} N6e5 {[%emt 0:03:37]} 29. Bxe5 {[%emt 0:00:36]} Nxe5 {[%emt 0:00:17]} 30. Nf4+ {[%emt 0:00:38]} Rxf4 {[%emt 0:01:14]} 31. Rxf4 {[%emt 0:30:06]} Nd3 {[%emt 0:30:04]} 32. Rcf1 {[%emt 0:00:14]} Nxf4 {[%emt 0:00:10]} 33. Rxf4 {[%emt 0:00:01]} a5 {[%emt 0:01:08]} 34. h4 {[%emt 0:00:50]} Ra8 {[%emt 0:00:52]} 35. g5 {[%emt 0:02:05]} a4 {[%emt 0:01:06]} 36. Rf6+ {[%emt 0:00:11]} Kh5 {[%emt 0:00:33]} 37. Kf2 {[%emt 0:08:21]} Kxh4 {[%emt 0:00:28]} 38. g6 {[%emt 0:00:06]} hxg6 {[%emt 0:00:35]} 39. Rxg6 {[%emt 0:00:08]} a3 {[%emt 0:03:31]} 40. Rg1 {[%emt 0:00:26]} a2 {[%emt 0:10:04]} 41. Ra1 {[%emt 0:00:13]} Kg4 {[%emt 0:00:17]} 42. Ke3 {[%emt 0:00:22]} Kf5 {[%emt 0:00:49]} 43. Kd3 {[%emt 0:00:51]} Ke5 {[%emt 0:01:04]} 44. Kc4 {[%emt 0:02:13]} Ke4 {[%emt 0:00:27]} 45. Kb3 {[%emt 0:05:41]} b5 {[%emt 0:00:25]} 46. Kc2 {[%emt 0:00:00]} Ke3 {[%emt 0:00:00]} 47. Re1+ {[%emt 0:00:00]} Kf2 {[%emt 0:00:00]} 48. Ra1 {[%emt 0:00:00]} Ke2 {[%emt 0:00:00]} 0-1

[Event "49th Rilton Cup 2019-20"]
[Site "Stockholm"]
[Date "2019.12.27"]
[Round "1.5"]
[White "Urkedal, Frode Olav Olsen"]
[Black "Kenneskog, Theodor"]
[Result "1-0"]
[WhiteElo "2545"]
[BlackElo "2305"]
[Annotator "TA"]
[PlyCount "69"]
[EventDate "2019.12.27"]
[EventType "swiss"]
[EventCountry "SWE"]
[SourceTitle "playchess.com"]
[Source "ChessBase"]
[SourceQuality "1"]

{[%evp 21,69,23,15,17,25,18,20,0,8,14,20,-20,-19,-19,-10,-26,-16,-23,-23,-37,16,16,19,19,75,82,233,215,206,127,120,0,168,150,336,329,373,356,362,327,479,468,472,426,524,524,522,520,5297,1566]} 1. Nf3 Nf6 2. c4 g6 3. Nc3 d5 4. cxd5 Nxd5 5. d4 Bg7 6. e4 Nxc3 7. bxc3 c5 8. Be3 Qa5 9. Qd2 O-O 10. Rc1 Rd8 11. d5 e6 12. Bg5 {D85: Exchange Grünfeld: Unusual White 7th moves and lines with 7 Nf3} f6 13. Be3 Nc6 14. h4 {The position is equal.} exd5 15. exd5 Bg4 {[#]} 16. Bd3 $146 ({Predecessor:} 16. Be2 c4 17. Bxc4 Bxf3 18. gxf3 Ne5 19. Be2 Qxd5 20. Qxd5+ Rxd5 {½-½ (40) Akobian,V (2625)-So,W (2762) Saint Louis 2019}) 16... Bxf3 17. gxf3 Ne5 18. Be2 c4 19. Rd1 $1 f5 {White must now prevent ...Nxf3+!} 20. Kf1 Nd3 (20... Rac8 $15) 21. Bxd3 $11 cxd3 22. Qxd3 Qxa2 (22... Qxc3 $11 23. Qxc3 Bxc3) 23. Kg2 Rac8 $2 (23... Rdc8 $16 {might work better.}) 24. Bg5 $1 $18 Rd6 ({And not} 24... Rxc3 25. Qb5 $11) 25. Bf4 Rdd8 ({Much worse is} 25... Rxc3 $6 26. Qb5 $14) 26. Bg5 Rd6 $1 {[#]} 27. Rhe1 $1 Qa4 $2 (27... Bf8 $16) 28. Be7 Rd7 29. Qe3 Qa6 {[#]} 30. c4 $1 {[%mdl 512]} Re8 (30... Kh8 {was necessary.} 31. c5 Re8) (30... Qxc4 31. Qe6+) 31. d6 {Strongly threatening Qe6+.White is clearly winning.} Qxc4 32. Rc1 Qf7 {intending ...Bf8.} 33. Rc7 Rxc7 34. dxc7 Qc4 (34... Bf8 $142 35. Qxa7 Bxe7 36. Qxb7 Kf8) 35. Rc1 {Accuracy: White = 77%, Black = 35%.} (35. Bc5 $142 Rf8 36. Rc1 Qxc1 37. Qxc1) 1-0

[Event "49th Rilton Cup 2019-20"]
[Site "Stockholm"]
[Date "2019.12.27"]
[Round "1.6"]
[White "Ajay Krishna, S."]
[Black "Moradiabadi, Elshan"]
[Result "0-1"]
[WhiteElo "2302"]
[BlackElo "2539"]
[Annotator "ChessBase"]
[PlyCount "82"]
[EventDate "2019.12.27"]
[EventType "swiss"]
[EventCountry "SWE"]
[SourceTitle "playchess.com"]
[Source "ChessBase"]
[SourceQuality "1"]
[TimeControl "30/5400+30:1800+30"]

1. Nf3 {[%emt 0:01:03]} g6 {[%emt 0:00:00]} 2. c4 {[%emt 0:02:49]} Bg7 {[%emt 0:01:05]} 3. g3 {[%emt 0:00:17]} c5 {[%emt 0:00:15]} 4. Bg2 {[%emt 0:01:51]} Nc6 {[%emt 0:00:02]} 5. O-O {[%emt 0:00:20]} d6 {[%emt 0:00:06]} 6. Nc3 {[%emt 0:01:07]} Qd7 {[%emt 0:00:58]} 7. e3 {[%emt 0:02:52]} Bxc3 {[%emt 0:00:58]} 8. dxc3 {[%emt 0:01:20]} Nf6 {[%emt 0:00:55]} 9. e4 {[%emt 0:08:24]} Qc7 {[%emt 0:02:24]} 10. Qe2 {[%emt 0:01:36]} h6 {[%emt 0:00:48]} 11. b4 {[%emt 0:17:40]} e5 {[%emt 0:01:55]} 12. a4 {[%emt 0:08:14]} Be6 {[%emt 0:06:55]} 13. Ba3 {[%emt 0:00:52]} Nd7 {[%emt 0:03:26]} 14. Rfd1 {[%emt 0:05:18]} a5 {[%emt 0:02:13]} 15. bxc5 {[%emt 0:03:03]} Nxc5 {[%emt 0:00:15]} 16. Bxc5 {[%emt 0:02:37]} dxc5 {[%emt 0:00:01]} 17. Ne1 {[%emt 0:00:25]} Ne7 {[%emt 0:01:26]} 18. Nc2 {[%emt 0:01:16]} O-O {[%emt 0:01:39]} 19. Ne3 {[%emt 0:03:07]} Rad8 {[%emt 0:03:16]} 20. Nd5 {[%emt 0:02:26]} Bxd5 {[%emt 0:00:06]} 21. cxd5 {[%emt 0:00:11]} Nc8 {[%emt 0:00:01]} 22. Rf1 {[%emt 0:00:51]} Nd6 {[%emt 0:05:16]} 23. f4 {[%emt 0:02:42]} Rde8 {[%emt 0:04:12]} 24. f5 {[%emt 0:03:06]} c4 {[%emt 0:05:59]} 25. Qe3 {[%emt 0:06:39]} Kh7 {[%emt 0:00:19]} 26. Rf2 {[%emt 0:04:00]} gxf5 {[%emt 0:00:19]} 27. Raf1 {[%emt 0:00:26]} Rg8 {[%emt 0:04:51]} 28. Kh1 {[%emt 0:00:51]} Qe7 {[%emt 0:05:19]} 29. Bh3 {[%emt 0:02:45]} fxe4 {[%emt 0:02:45]} 30. Bf5+ {[%emt 0:01:33]} Kg7 {[%emt 0:00:01]} 31. Bxe4 {[%emt 0:30:12]} Qg5 {[%emt 0:30:03]} 32. Qe2 {[%emt 0:00:41]} Rgf8 {[%emt 0:00:19]} 33. h4 {[%emt 0:01:40]} Nxe4 {[%emt 0:02:09]} 34. Qxe4 {[%emt 0:00:08]} Qg6 {[%emt 0:00:11]} 35. Rf5 {[%emt 0:00:08]} Kh8 {[%emt 0:03:54]} 36. Kh2 {[%emt 0:09:26]} f6 {[%emt 0:06:13]} 37. Qxc4 {[%emt 0:00:47]} e4 {[%emt 0:04:34]} 38. d6 {[%emt 0:03:09]} Rg8 {[%emt 0:00:39]} 39. Kh1 {[%emt 0:00:55]} Qxg3 {[%emt 0:03:00]} 40. Qe2 {[%emt 0:00:01]} Rg4 {[%emt 0:01:47]} 41. Rh5 {[%emt 0:00:42]} Qh3+ {[%emt 0:00:05]} 0-1

[Event "49th Rilton Cup 2019-20"]
[Site "Stockholm"]
[Date "2019.12.27"]
[Round "1.7"]
[White "Kulaots, Kaido"]
[Black "Ranaldi, Lucas"]
[Result "1-0"]
[WhiteElo "2538"]
[BlackElo "2296"]
[Annotator "ChessBase"]
[PlyCount "69"]
[EventDate "2019.12.27"]
[EventType "swiss"]
[EventCountry "SWE"]
[SourceTitle "playchess.com"]
[Source "ChessBase"]
[SourceQuality "1"]
[TimeControl "30/5400+30:1800+30"]

1. Nf3 {[%emt 0:00:00]} Nf6 {[%emt 0:00:00]} 2. g3 {[%emt 0:00:14]} b6 {[%emt 0:00:02]} 3. Bg2 {[%emt 0:00:08]} Bb7 {[%emt 0:00:06]} 4. O-O {[%emt 0:00:28]} c5 {[%emt 0:00:17]} 5. d3 {[%emt 0:00:59]} e6 {[%emt 0:00:47]} 6. e4 {[%emt 0:00:24]} d6 {[%emt 0:00:09]} 7. Nc3 {[%emt 0:03:12]} Be7 {[%emt 0:00:23]} 8. Ng5 {[%emt 0:02:09]} Nc6 {[%emt 0:06:15]} 9. f4 {[%emt 0:00:54]} O-O {[%emt 0:05:03]} 10. f5 {[%emt 0:11:42]} h6 {[%emt 0:10:06]} 11. Nh3 {[%emt 0:08:09]} exf5 {[%emt 0:08:37]} 12. Rxf5 {[%emt 0:00:41]} Bc8 {[%emt 0:09:36]} 13. Rf1 {[%emt 0:07:32]} Bg4 {[%emt 0:00:25]} 14. Qd2 {[%emt 0:00:13]} Bxh3 {[%emt 0:17:25]} 15. Bxh3 {[%emt 0:00:36]} d5 {[%emt 0:00:15]} 16. exd5 {[%emt 0:09:43]} Nxd5 {[%emt 0:00:13]} 17. Qg2 {[%emt 0:02:54]} Nxc3 {[%emt 0:02:59]} 18. bxc3 {[%emt 0:00:04]} Nb4 {[%emt 0:24:50]} 19. Bf5 {[%emt 0:33:12]} Bf6 {[%emt 0:01:24]} 20. Bd2 {[%emt 0:00:51]} Na6 {[%emt 0:07:29]} 21. Qf3 {[%emt 0:04:33]} Rb8 {[%emt 0:01:43]} 22. h4 {[%emt 0:02:40]} Nc7 {[%emt 0:00:21]} 23. Be4 {[%emt 0:00:43]} Ne8 {[%emt 0:01:43]} 24. Qf5 {[%emt 0:03:05]} g6 {[%emt 0:00:06]} 25. Qf3 {[%emt 0:01:23]} h5 {[%emt 0:01:02]} 26. g4 {[%emt 0:02:38]} Bxh4 {[%emt 0:01:01]} 27. gxh5 {[%emt 0:01:47]} Bg5 {[%emt 0:00:01]} 28. hxg6 {[%emt 0:00:27]} f5 {[%emt 0:00:01]} 29. Bxf5 {[%emt 0:00:46]} Kg7 {[%emt 0:01:35]} 30. Qh5 {[%emt 0:01:08]} Bxd2 {[%emt 0:00:13]} 31. Qh7+ {[%emt 0:30:16]} Kf6 {[%emt 0:30:01]} 32. Be4+ {[%emt 0:01:13]} Ke6 {[%emt 0:01:05]} 33. Rxf8 {[%emt 0:00:41]} Qg5+ {[%emt 0:00:03]} 34. Kh1 {[%emt 0:00:14]} Nf6 {[%emt 0:00:41]} 35. Qf7+ {[%emt 0:00:46] Kd5} 1-0

[Event "49th Rilton Cup 2019-20"]
[Site "Stockholm"]
[Date "2019.12.27"]
[Round "1.8"]
[White "Dragicevic, Drazen"]
[Black "Blomqvist, Erik"]
[Result "0-1"]
[WhiteElo "2294"]
[BlackElo "2537"]
[Annotator "ChessBase"]
[PlyCount "36"]
[EventDate "2019.12.27"]
[EventType "swiss"]
[EventCountry "SWE"]
[SourceTitle "playchess.com"]
[Source "ChessBase"]
[SourceQuality "1"]
[TimeControl "30/5400+30:1800+30"]

1. c4 {[%emt 0:00:00]} c5 {[%emt 0:00:22]} 2. Nf3 {[%emt 0:01:31]} Nc6 {[%emt 0:02:57]} 3. Nc3 {[%emt 0:00:44]} g6 {[%emt 0:00:32]} 4. g3 {[%emt 0:03:22]} Bg7 {[%emt 0:00:07]} 5. Bg2 {[%emt 0:00:06]} d6 {[%emt 0:00:20]} 6. O-O {[%emt 0:00:52]} Bf5 {[%emt 0:00:26]} 7. h3 {[%emt 0:04:30]} Nf6 {[%emt 0:00:41]} 8. d3 {[%emt 0:01:08]} O-O {[%emt 0:00:30]} 9. e4 {[%emt 0:04:01]} Bd7 {[%emt 0:00:23]} 10. Be3 {[%emt 0:00:25]} a6 {[%emt 0:03:05]} 11. a4 {[%emt 0:05:34]} Rb8 {[%emt 0:07:25]} 12. Kh2 {[%emt 0:14:11]} e5 {[%emt 0:01:56]} 13. Ne1 {[%emt 0:08:26]} Nd4 {[%emt 0:04:19]} 14. f4 {[%emt 0:16:34]} exf4 {[%emt 0:03:40]} 15. Bxf4 {[%emt 0:10:20]} Nh5 {[%emt 0:01:54]} 16. Bxd6 {[%emt 0:05:48]} Bxa4 {[%emt 0:04:37]} 17. Rxa4 {[%emt 0:10:14]} Qxd6 {[%emt 0:00:22]} 18. Qg4 {[%emt 0:00:36]} Nxg3 {[%emt 0:01:49]} 0-1

[Event "49th Rilton Cup 2019-20"]
[Site "Stockholm"]
[Date "2019.12.27"]
[Round "1.9"]
[White "Hillarp Persson, Tiger"]
[Black "Calzetta Ruiz, Monica"]
[Result "1-0"]
[WhiteElo "2537"]
[BlackElo "2292"]
[Annotator "ChessBase"]
[PlyCount "65"]
[EventDate "2019.12.27"]
[EventType "swiss"]
[EventCountry "SWE"]
[SourceTitle "playchess.com"]
[Source "ChessBase"]
[SourceQuality "1"]
[TimeControl "30/5400+30:1800+30"]

1. Nf3 {[%emt 0:00:00]} c5 {[%emt 0:00:00]} 2. g3 {[%emt 0:00:00]} Nc6 {[%emt 0:00:18]} 3. Bg2 {[%emt 0:00:00]} Nf6 {[%emt 0:02:12]} 4. O-O {[%emt 0:00:10]} d5 {[%emt 0:01:54]} 5. d4 {[%emt 0:00:08]} e6 {[%emt 0:00:47]} 6. b3 {[%emt 0:01:54]} cxd4 {[%emt 0:01:09]} 7. Nxd4 {[%emt 0:00:10]} Bc5 {[%emt 0:01:06]} 8. Nxc6 {[%emt 0:00:28]} bxc6 {[%emt 0:00:06]} 9. c4 {[%emt 0:00:08]} O-O {[%emt 0:00:25]} 10. Qc2 {[%emt 0:05:42]} Qe7 {[%emt 0:02:26]} 11. Nc3 {[%emt 0:04:40]} Ba6 {[%emt 0:05:41]} 12. Na4 {[%emt 0:19:05]} Bd4 {[%emt 0:04:23]} 13. Rb1 {[%emt 0:00:56]} Rab8 {[%emt 0:15:50]} 14. Rd1 {[%emt 0:11:15]} Be5 {[%emt 0:04:04]} 15. e4 {[%emt 0:19:26]} dxc4 {[%emt 0:01:44]} 16. Be3 {[%emt 0:00:30]} cxb3 {[%emt 0:04:35]} 17. axb3 {[%emt 0:04:20]} Rfd8 {[%emt 0:05:16]} 18. f4 {[%emt 0:04:48]} Ng4 {[%emt 0:18:07]} 19. Bc5 {[%emt 0:01:44]} Bd6 {[%emt 0:00:06]} 20. Rxd6 {[%emt 0:01:27]} Rxd6 {[%emt 0:00:05]} 21. e5 {[%emt 0:00:43]} Bd3 {[%emt 0:00:03]} 22. Qd1 {[%emt 0:07:31]} Bxb1 {[%emt 0:01:59]} 23. Bxd6 {[%emt 0:01:09]} Qd8 {[%emt 0:10:45]} 24. Qxb1 {[%emt 0:01:28]} h5 {[%emt 0:07:33]} 25. h3 {[%emt 0:03:49]} Ne3 {[%emt 0:00:34]} 26. Bxb8 {[%emt 0:01:44]} Qxb8 {[%emt 0:00:56]} 27. Qd3 {[%emt 0:01:31]} Nxg2 {[%emt 0:02:18]} 28. Kxg2 {[%emt 0:00:10]} Qb4 {[%emt 0:00:08]} 29. Nb2 {[%emt 0:00:59]} a5 {[%emt 0:01:06]} 30. h4 {[%emt 0:03:45]} c5 {[%emt 0:02:48]} 31. Qc2 {[%emt 0:30:22]} Qb7+ {[%emt 0:31:22]} 32. Kh2 {[%emt 0:00:16]} g6 {[%emt 0:03:53]} 33. Na4 {[%emt 0:00:53]} 1-0

[Event "49th Rilton Cup 2019-20"]
[Site "Stockholm"]
[Date "2019.12.27"]
[Round "1.10"]
[White "Chernyak, Viktoria"]
[Black "Ionov, Sergey"]
[Result "1/2-1/2"]
[WhiteElo "2284"]
[BlackElo "2521"]
[Annotator "TA"]
[PlyCount "74"]
[EventDate "2019.12.27"]
[EventType "swiss"]
[EventCountry "SWE"]
[SourceTitle "playchess.com"]
[Source "ChessBase"]
[SourceQuality "1"]

{[%evp 9,74,8,49,21,43,12,8,-56,21,12,4,10,12,-10,0,-16,0,0,27,17,28,25,37,0,108,0,23,0,41,42,35,41,51,12,12,14,11,12,19,0,35,23,23,24,29,26,21,16,41,21,32,28,20,0,4,0,22,0,8,0,26,14,46,34,45,43,139]} 1. d4 Nf6 2. Nf3 c5 3. d5 b5 4. c4 Bb7 5. g3 Qa5+ $146 ({Predecessor:} 5... d6 6. Bg2 bxc4 7. Nc3 Nbd7 8. O-O g6 9. e4 Bg7 10. Nd2 O-O 11. Rb1 Ne5 12. f4 Nd3 13. Nxc4 Nxc1 14. Rxc1 {0-1 (51) Agaragimov,D (2342)-Popov,I (2605) Plovdiv 2012}) 6. Nc3 {A57: Benko/Volga Gambit} b4 7. Nb1 e6 {[%cal Re6d5]} 8. dxe6 ({White should play} 8. Bg2 $11) 8... fxe6 ({Black should try} 8... dxe6 $15 9. Nbd2 Nc6) 9. Bg2 $11 Be7 10. O-O O-O 11. Bg5 Qc7 12. Nbd2 Nc6 13. Qc2 h6 14. Bf4 d6 15. Qg6 {Black must now prevent Bxh6.} Kh8 16. Bh3 Nh7 (16... Bc8 $11 {remains equal.}) 17. Ne4 (17. Bxe6 $16 {aiming for Bf5.} Rf6 18. Qg4) 17... e5 18. Be3 ({But not} 18. Bf5 Rxf5 19. Bxh6 gxh6 $17) 18... Bc8 19. Bxc8 Raxc8 20. b3 a5 21. Rad1 {[%cal Re4d6]} Nd4 22. Bxd4 exd4 23. Ne1 Nf6 24. Nxf6 (24. Ng2 {is interesting.} Nxe4 25. Qxe4 Rce8 26. Qg4 Bg5 27. h4) 24... Rxf6 (24... Bxf6 {with more complications.} 25. e3 Qd7 26. exd4 Bxd4 27. Nc2 Rf6) 25. Qg4 Rcf8 26. Nd3 Qc8 27. Qxc8 Rxc8 28. Nf4 Kh7 29. Kg2 Rf7 30. Nd5 Re8 31. Nc7 Rc8 32. Nd5 $36 {[%mdl 2048] White has some pressure.} Re8 33. Nc7 Rc8 34. Nd5 Re8 35. h4 Bd8 36. e3 dxe3 37. Nxe3 g5 {Accuracy: White = 40%, Black = 55%.} (37... Bf6 $14) 1/2-1/2